| 000 | 01526cab a2200229 4500 | ||
|---|---|---|---|
| 001 | ABS67358 | ||
| 008 | 040105n2003 000 0 eng u | ||
| 035 | _a(Sirsi) u124706 | ||
| 100 | _aHarris, N. | ||
| 245 | 2 | _aA dragon in sheep's clothing? | |
| 260 | _c2003 | ||
| 490 |
_aTown & Country Planning _v72(10) November 2003, 317-320(4) |
||
| 520 | _aOutlines and analyses the content of the "People, places, future: the Wales spatial plan", the first consultation draft aimed at providing a national spatial planning framework for Wales. Includes details of the National Spatial Perspective an important part of the plan which maps out in a schematic way four different zones within Wales and eight different areas. The plan highlights the attributes of each of the four zones and proceeds to identify what this means for that zone in relation to the Welsh Assembly's objectives of building sustainable communities, valuing the environment, increasing and spreading prosperity and achieving sustainable accessibility. The consultation period ends on the 31 January 2004. View Wales spatial plan at www.spatialplan.wales.gov.uk | ||
| 590 | _aABS | ||
| 650 | _aWALES | ||
| 650 | _aSPATIAL PLANNING | ||
| 650 | _aSUSTAINABLE COMMUNITIES | ||
| 690 | _aENVIRONMENTAL AND LAND CONSULTANCY-PLANNING AND DEVELOPMENT | ||
| 700 | _aHooper, A. | ||
| 856 |
_uhttps://www.wales.gov.uk/themesspatialplan/index.htm _zView "People, places, future: the Wales spatial plan" on the Welsh Assembly Government website... |
||
| 942 | _n0 | ||
| 999 |
_c74009 _d74009 |
||